Central Library OPAC University of Rajshahi

The Oxford dictionary of art and artists / (Record no. 81940)

MARC details
000 -LEADER
fixed length control field 00988nam a2200301 a 4500
001 - CONTROL NUMBER
control field 81940
003 - CONTROL NUMBER IDENTIFIER
rucl marc code BD-RjUL
005 - DATE AND TIME OF LATEST TRANSACTION
control field 20230919110248.0
008 - FIXED-LENGTH DATA ELEMENTS--GENERAL INFORMATION
fixed length control field 230919r20192009enk d 000 0 eng
020 ## - INTERNATIONAL STANDARD BOOK NUMBER
International Standard Book Number 9780199532940 (pbk.)
International Standard Book Number 019953294X (pbk.)
035 ## - SYSTEM CONTROL NUMBER
System control number (BD-RjUL)81940
040 ## - CATALOGING SOURCE
Original cataloging agency UKM
Transcribing agency UKM
Modifying agency BTCTA
-- BWKUK
-- BD-RjUL
Language of cataloging eng
041 ## - LANGUAGE CODE
Language code of text/sound track or separate title eng
082 00 - DEWEY DECIMAL CLASSIFICATION NUMBER
Edition number 22
Classification number 703
Author mark and year OXF 2019
245 04 - TITLE STATEMENT
Title The Oxford dictionary of art and artists /
Statement of responsibility, etc. Ian Chilvers
246 30 - VARYING FORM OF TITLE
Title proper/short title Dictionary of art and artists
250 ## - EDITION STATEMENT
Edition statement 4th ed. /
Remainder of edition statement [edited by] Ian Chilvers.
260 ## - PUBLICATION, DISTRIBUTION, ETC. (IMPRINT)
Place of publication, distribution, etc. Oxford ;
-- New York :
Name of publisher, distributor, etc. Oxford University Press,
Date of publication, distribution, etc. 2009, [reprinted 2019]
300 ## - PHYSICAL DESCRIPTION
Pagination xxv, 694 p. ;
Size 20 cm.
500 ## - GENERAL NOTE
General note Previous ed.: published as The Oxford dictionary of art. 2004.
650 #0 - SUBJECT ADDED ENTRY--TOPICAL TERM
Topical term or geographic name as entry element Art
Form subdivision Encyclopedias.
9 (RLIN) 9046
Topical term or geographic name as entry element Artists
Form subdivision Encyclopedias.
9 (RLIN) 9047
700 1# - ADDED ENTRY--PERSONAL NAME
Personal name Chilvers, Ian.
942 ## - ADDED ENTRY ELEMENTS (KOHA)
Source of classification or shelving scheme Dewey Decimal Classification
Koha item type Reference
Holdings
Lost status Source of classification or shelving scheme Damaged status Not for loan Collection code Permanent Location Current Location Shelving location Date acquired Source of acquisition Cost, normal purchase price Full call number Date last seen Copy number Koha item type Total Checkouts
  Dewey Decimal Classification   Not For Loan Non-fiction Central Library, University of Rajshahi Central Library, University of Rajshahi Reference 06/08/2023 Dhaka: Omni Concept 1123.75 R 703 OXF 2019 19/09/2023 C-1 Reference  
  Dewey Decimal Classification   Not For Loan Non-fiction Central Library, University of Rajshahi Central Library, University of Rajshahi Reference 06/08/2023 Dhaka: Omni Concept 1123.75 R 703 OXF 2019 19/09/2023 C-2 Reference  
  Dewey Decimal Classification   Not For Loan Non-fiction Central Library, University of Rajshahi Central Library, University of Rajshahi Reference 06/08/2023 Dhaka: Omni Concept 1123.75 R 703 OXF 2019 19/09/2023 C-3 Reference